[Event "Catalunya-chT"]
[Site "Catalunya"]
[Date "2012.02.11"]
[Round "3.10"]
[White "Hernandez Casillas, Joan Josep"]
[Black "Mingo Fernandez, Matias"]
[Result "1/2-1/2"]
[WhiteElo "2177"]
[BlackElo "2193"]
[PlyCount "53"]
[EventDate "2012.01.28"]
[EventType "team-tourn"]
[EventRounds "11"]
[EventCountry "ESP"]
[SourceTitle "EXT 2013"]
[Source "ChessBase"]
[SourceDate "2012.11.22"]
[SourceVersion "1"]
[SourceVersionDate "2012.11.22"]
[SourceQuality "1"]
[WhiteTeam "Montcada"]
[BlackTeam "Barbera"]
[WhiteTeamCountry "ESP"]
[BlackTeamCountry "ESP"]

1. d4 d5 2. c4 e6 3. Nc3 a6 4. cxd5 exd5 5. Bf4 c6 6. e3 Bd6 7. Bxd6 Qxd6 8. Bd3 Ne7 9. Nge2 Bf5 10. Ng3 Bxd3 11. Qxd3 0-0 12. 0-0 Nd7 13. Rfd1 Rae8 14. Rac1 f5 15. Nce2 Qh6 16. Rc2 Nf6 17. a4 Ne4 18. Qb3 Nd6 19. Qb4 g5 20. Nf1 Rf6 21. Nc1 Ng6 22. Nd3 Qh5 23. Re1 Re7 24. b3 Qg4 25. f3 Qh4 26. Rce2 Rfe6 27. Nc5 1/2-1/2

[Event "Catalunya-chT"]
[Site "Catalunya"]
[Date "2012.01.28"]
[Round "1.10"]
[White "Hernandez Casillas, Joan Josep"]
[Black "Subirats Ruiz, Sergi"]
[Result "1/2-1/2"]
[WhiteElo "2177"]
[BlackElo "2160"]
[PlyCount "63"]
[EventDate "2012.01.28"]
[EventType "team-tourn"]
[EventRounds "11"]
[EventCountry "ESP"]
[SourceTitle "EXT 2013"]
[Source "ChessBase"]
[SourceDate "2012.11.22"]
[SourceVersion "1"]
[SourceVersionDate "2012.11.22"]
[SourceQuality "1"]
[WhiteTeam "Montcada"]
[BlackTeam "Colon Sabadell"]
[WhiteTeamCountry "ESP"]
[BlackTeamCountry "ESP"]

1. c4 Nf6 2. Nc3 d5 3. cxd5 Nxd5 4. d4 g6 5. e4 Nxc3 6. bxc3 Bg7 7. Bc4 c5 8. Ne2 0-0 9. 0-0 Nc6 10. Be3 Qc7 11. Rc1 Rd8 12. f3 e5 13. Bd5 Na5 14. dxc5 Nc4 15. Qd3 Nxe3 16. Qxe3 Bf8 17. Kh1 Qxc5 18. Qg5 Be6 19. c4 Re8 20. Nc3 Rad8 21. Rfd1 a6 22. Bxb7 Be7 23. Qg3 Rxd1+ 24. Nxd1 Qa3 25. Ra1 Bxc4 26. Qxe5 Rd8 27. Bd5 Bxd5 28. exd5 Bf8 29. Qe2 Rxd5 30. Nf2 Rc5 31. g3 Rc3 32. Kg2 1/2-1/2

[Event "Catalunya-chT"]
[Site "Barcelona"]
[Date "2011.03.12"]
[Round "7.9"]
[White "Hernandez Casillas, Joan Josep"]
[Black "Lopez Agustench, Eduard"]
[Result "1/2-1/2"]
[WhiteElo "1800"]
[BlackElo "2255"]
[PlyCount "85"]
[EventDate "2011.01.29"]
[EventType "team-tourn"]
[EventRounds "11"]
[EventCountry "ESP"]
[SourceTitle "EXT 2012"]
[Source "ChessBase"]
[SourceDate "2011.11.24"]
[SourceVersion "1"]
[SourceVersionDate "2011.11.24"]
[SourceQuality "1"]
[WhiteTeam "Montcada"]
[BlackTeam "Barcelona Escola Escacs"]
[WhiteTeamCountry "ESP"]
[BlackTeamCountry "ESP"]

1. d4 Nf6 2. Nf3 c5 3. d5 d6 4. Nc3 e5 5. e4 Be7 6. Be2 0-0 7. 0-0 Ne8 8. Nd2 Bg5 9. Nc4 Nd7 10. a4 Bxc1 11. Qxc1 Qe7 12. Ne3 g6 13. g4 Ng7 14. Kh1 Kh8 15. Ra3 Nf6 16. Rg1 Ng8 17. Qf1 f5 18. gxf5 gxf5 19. exf5 Nxf5 20. Ne4 Nf6 21. Nxf6 Rxf6 22. Qg2 Rg6 23. Qe4 Rxg1+ 24. Kxg1 Qg5+ 25. Qg2 Qh6 26. Qe4 Nh4 27. Ng2 Ng6 28. Rg3 Bd7 29. b3 Rf8 30. Bd3 Bf5 31. Qe3 Nf4 32. Bxf5 Rxf5 33. h3 Qf6 34. Qd2 Qf7 35. c4 b6 36. Ne3 Rh5 37. Kh2 Rh4 38. Ng2 Nxg2 39. Kxg2 Rf4 40. Qe3 h6 41. Rg4 Rf6 42. Rg3 Kh7 43. Qe4+ 1/2-1/2

[Event "Catalunya-chT"]
[Site "Barcelona"]
[Date "2011.02.19"]
[Round "4.9"]
[White "Roig Grau, Jesus"]
[Black "Hernandez Casillas, Joan Josep"]
[Result "1/2-1/2"]
[WhiteElo "2161"]
[BlackElo "1800"]
[PlyCount "29"]
[EventDate "2011.01.29"]
[EventType "team-tourn"]
[EventRounds "11"]
[EventCountry "ESP"]
[SourceTitle "EXT 2012"]
[Source "ChessBase"]
[SourceDate "2011.11.24"]
[SourceVersion "1"]
[SourceVersionDate "2011.11.24"]
[SourceQuality "1"]
[WhiteTeam "Ateneu Colon"]
[BlackTeam "Montcada"]
[WhiteTeamCountry "ESP"]
[BlackTeamCountry "ESP"]

1. d4 d6 2. Nf3 g6 3. e4 Bg7 4. Bd3 Nf6 5. 0-0 0-0 6. c3 c5 7. dxc5 dxc5 8. Bf4 Nc6 9. h3 a6 10. a4 Nh5 11. Be3 b6 12. g4 Nf6 13. Bf4 Bb7 14. Qe2 Re8 15. Rd1 1/2-1/2

[Event "Barbera del Valles op 31st"]
[Site "Barbera del Valles"]
[Date "2008.07.10"]
[Round "6"]
[White "Hernandez Casillas, Joan Josep"]
[Black "Avila Jimenez, Xavier"]
[Result "1-0"]
[WhiteElo "2150"]
[BlackElo "2286"]
[PlyCount "75"]
[EventDate "2008.07.04"]
[EventType "swiss"]
[EventRounds "9"]
[EventCountry "ESP"]
[SourceTitle "CBM 125 Extra"]
[Source "ChessBase"]
[SourceDate "2008.09.01"]
[SourceVersion "1"]
[SourceVersionDate "2008.09.01"]
[SourceQuality "1"]

1. d4 Nf6 2. c4 g6 3. Nc3 d5 4. cxd5 Nxd5 5. e4 Nxc3 6. bxc3 Bg7 7. Bc4 0-0 8. Ne2 c5 9. 0-0 Nc6 10. Be3 Na5 11. Bd3 c4 12. Bc2 b6 13. Rb1 Bb7 14. f3 Qd7 15. Qe1 Bc6 16. Qg3 Rac8 17. Rb2 e6 18. h4 Qe7 19. Bb1 Nb7 20. e5 Rc7 21. h5 Rfc8 22. hxg6 fxg6 23. Kf2 Rf8 24. Rh1 Be8 25. Qh3 Bh8 26. Ng3 Qa3 27. Re2 Nd8 28. Ne4 Rf5 29. g4 Rf8 30. Bc1 Qa4 31. Bh6 Rff7 32. Nd6 Bc6 33. Be4 Bxe4 34. Nxe4 Nb7 35. Bg5 Qc6 36. Qh6 Qe8 37. Bf6 Qf8 38. Qxg6+ 1-0

[Event "Barbera del Valles op 31st"]
[Site "Barbera del Valles"]
[Date "2008.07.05"]
[Round "2"]
[White "Hernandez Casillas, Joan Josep"]
[Black "Pellus Ruiz, Josep"]
[Result "1/2-1/2"]
[WhiteElo "2150"]
[BlackElo "2219"]
[PlyCount "76"]
[EventDate "2008.07.04"]
[EventType "swiss"]
[EventRounds "9"]
[EventCountry "ESP"]
[SourceTitle "CBM 125 Extra"]
[Source "ChessBase"]
[SourceDate "2008.09.01"]
[SourceVersion "1"]
[SourceVersionDate "2008.09.01"]
[SourceQuality "1"]

1. d4 Nf6 2. c4 c5 3. d5 d6 4. Nc3 g6 5. e4 Bg7 6. Be2 0-0 7. Nf3 e6 8. 0-0 a6 9. a4 exd5 10. cxd5 Nbd7 11. Nd2 Qc7 12. Nc4 Ne8 13. Bf4 b6 14. Qd2 f6 15. Rab1 Ne5 16. Rfc1 Kh8 17. f3 Nxc4 18. Bxc4 f5 19. Re1 fxe4 20. Nxe4 Bf5 21. Re2 Nf6 22. Bd3 Bxe4 23. Bxe4 Nd7 24. Rbe1 Ne5 25. Bh6 Rae8 26. Qc1 Bxh6 27. Qxh6 Qg7 28. Qc1 Re7 29. Qc3 Nd7 30. Bd3 Rxe2 31. Rxe2 Qxc3 32. bxc3 Nf6 33. Bxa6 Nxd5 34. c4 Nb4 35. Bb5 Kg7 36. Re7+ Rf7 37. Re6 Rf6 38. Re7+ Rf7 1/2-1/2

[Event "Mislata op 15th"]
[Site "Mislata"]
[Date "2007.08.27"]
[Round "7"]
[White "Castella Garcia, Fausto"]
[Black "Hernandez Casillas, Joan Josep"]
[Result "1-0"]
[WhiteElo "2381"]
[BlackElo "2169"]
[PlyCount "63"]
[EventDate "2007.08.22"]
[EventType "swiss"]
[EventRounds "9"]
[EventCountry "ESP"]
[SourceTitle "CBM 120 Extra"]
[Source "ChessBase"]
[SourceDate "2007.11.01"]
[SourceVersion "1"]
[SourceVersionDate "2007.11.01"]
[SourceQuality "1"]

1. e4 c6 2. d4 d5 3. e5 Bf5 4. Nf3 e6 5. a3 Nd7 6. Be2 Ne7 7. 0-0 c5 8. dxc5 Nc6 9. b4 a5 10. b5 Ncxe5 11. Nxe5 Nxe5 12. Bb2 f6 13. Bd4 Be7 14. f4 Nd7 15. c6 bxc6 16. bxc6 Nc5 17. c4 0-0 18. cxd5 exd5 19. Nc3 Ne4 20. Qa4 Bc5 21. Nxd5 Kh8 22. Bxc5 Qxd5 23. Bxf8 Rxf8 24. Qc4 Qd6 25. Rac1 Qxa3 26. Qd4 Qb4 27. Qxb4 axb4 28. Bd3 h5 29. c7 Rc8 30. Ba6 Nc3 31. Bxc8 Bxc8 32. Rxc3 1-0

[Event "Barbera del Valles op 29th"]
[Site "Barbera del Valles"]
[Date "2006.07.12"]
[Round "8"]
[White "Carbonell Bofill, Carlos Eloy"]
[Black "Hernandez Casillas, Joan Josep"]
[Result "1/2-1/2"]
[WhiteElo "2174"]
[BlackElo "2210"]
[PlyCount "62"]
[EventDate "2006.07.05"]
[EventType "swiss"]
[EventRounds "9"]
[EventCountry "ESP"]
[SourceTitle "CBM 113 Extra"]
[Source "ChessBase"]
[SourceDate "2006.09.14"]
[SourceVersion "1"]
[SourceVersionDate "2006.09.14"]
[SourceQuality "1"]

1. Nf3 Nf6 2. d4 g6 3. c4 Bg7 4. Nc3 d5 5. Bg5 c6 6. cxd5 Nxd5 7. e4 Nxc3 8. bxc3 0-0 9. Qd2 c5 10. dxc5 Qa5 11. Rc1 Qxc5 12. Bh6 Nc6 13. Bxg7 Kxg7 14. Qb2 a6 15. Be2 e5 16. 0-0 b5 17. c4 b4 18. Rfd1 Re8 19. Rd5 Qe7 20. Rcd1 Kg8 21. c5 Bg4 22. Rd6 Bxf3 23. Bxf3 Nd4 24. Qxb4 Qg5 25. Kf1 Qf4 26. Kg1 Nxf3+ 27. gxf3 Qxf3 28. Qc4 Qg4+ 29. Kf1 Qh3+ 30. Kg1 Qg4+ 31. Kf1 Qh3+ 1/2-1/2

[Event "Barbera del Valles op 29th"]
[Site "Barbera del Valles"]
[Date "2006.07.11"]
[Round "7"]
[White "Hernandez Casillas, Joan Josep"]
[Black "Chalmeta Ugas, Jordi Ramon"]
[Result "1-0"]
[WhiteElo "2210"]
[BlackElo "2096"]
[PlyCount "81"]
[EventDate "2006.07.05"]
[EventType "swiss"]
[EventRounds "9"]
[EventCountry "ESP"]
[SourceTitle "CBM 113 Extra"]
[Source "ChessBase"]
[SourceDate "2006.09.14"]
[SourceVersion "1"]
[SourceVersionDate "2006.09.14"]
[SourceQuality "1"]

1. d4 Nf6 2. c4 g6 3. f3 d5 4. cxd5 Nxd5 5. e4 Nb6 6. Nc3 Bg7 7. Be3 0-0 8. Qd2 c6 9. 0-0-0 Be6 10. Bh6 Nc4 11. Bxc4 Bxc4 12. h4 e5 13. Bxg7 Kxg7 14. dxe5 Qxd2+ 15. Rxd2 Re8 16. f4 Na6 17. Nf3 Rad8 18. Rhd1 Rxd2 19. Nxd2 Be6 20. Nf1 Re7 21. Ne3 Rd7 22. Rd6 Nc5 23. Kd2 a5 24. a3 a4 25. Rxd7 Bxd7 26. Nc4 b5 27. Nd6 Kf8 28. Ne2 Nb3+ 29. Kc3 c5 30. f5 Ke7 31. Nf4 gxf5 32. exf5 Nd4 33. f6+ Kf8 34. Ne4 Nc6 35. Nxc5 Bf5 36. Nd5 Nxe5 37. Kb4 Nc4 38. Kxb5 Nxb2 39. Kb4 Ke8 40. Ne3 Bc8 41. Kc3 1-0

[Event "Barbera del Valles op 29th"]
[Site "Barbera del Valles"]
[Date "2006.07.07"]
[Round "3"]
[White "Hernandez Casillas, Joan Josep"]
[Black "Asis Gargatagli, Hipolito"]
[Result "0-1"]
[WhiteElo "2210"]
[BlackElo "2361"]
[PlyCount "54"]
[EventDate "2006.07.05"]
[EventType "swiss"]
[EventRounds "9"]
[EventCountry "ESP"]
[SourceTitle "CBM 113 Extra"]
[Source "ChessBase"]
[SourceDate "2006.09.14"]
[SourceVersion "1"]
[SourceVersionDate "2006.09.14"]
[SourceQuality "1"]

1. c4 g6 2. Nc3 Bg7 3. d4 d6 4. e4 e5 5. Be3 exd4 6. Bxd4 Nf6 7. f3 0-0 8. Qd2 Nc6 9. Be3 Be6 10. Bd3 Ne5 11. b3 b5 12. cxb5 d5 13. Nge2 dxe4 14. Bxe4 Nxe4 15. fxe4 Nd3+ 16. Kf1 f5 17. exf5 Bxf5 18. Kg1 Qh4 19. Rd1 Rad8 20. Rf1 Rfe8 21. Bxa7 Bh6 22. Qd1 Nc5 23. Bxc5 Rxd1 24. Rxd1 Bg4 25. Bf2 Be3 26. g3 Bxf2+ 27. Kxf2 Qf6+ 0-1

[Event "Barbera del Valles op 28th"]
[Site "Barbera del Valles"]
[Date "2005.07.04"]
[Round "1"]
[White "Hernandez Casillas, Joan Josep"]
[Black "Almeida Quintana, Omar"]
[Result "1/2-1/2"]
[WhiteElo "2200"]
[BlackElo "2462"]
[PlyCount "73"]
[EventDate "2005.07.04"]
[EventType "swiss"]
[EventRounds "9"]
[EventCountry "ESP"]
[SourceTitle "CBM 107 Extra"]
[Source "ChessBase"]
[SourceDate "2005.09.01"]
[SourceVersion "1"]
[SourceVersionDate "2005.09.01"]
[SourceQuality "1"]

1. c4 c5 2. Nc3 Nc6 3. g3 g6 4. Bg2 Bg7 5. e4 d6 6. Nge2 e6 7. 0-0 Nge7 8. Rb1 0-0 9. a3 b6 10. d3 Bb7 11. Be3 Nd4 12. b4 Qd7 13. Qd2 Rfd8 14. Rfd1 Rac8 15. Bxd4 cxd4 16. Nb5 Nc6 17. a4 a6 18. Na3 Ne7 19. Nc2 d5 20. cxd5 exd5 21. Ncxd4 dxe4 22. dxe4 Qxa4 23. Qe1 Qe8 24. f4 Rc4 25. Qf2 Qa4 26. f5 Be5 27. fxg6 hxg6 28. Rf1 Qe8 29. Nf3 Bd6 30. Ng5 Bxb4 31. Rxb4 Rxb4 32. Nxf7 Nf5 33. Nxd8 Bxe4 34. Bxe4 Rxe4 35. Nf4 Qxd8 36. Qa2+ Kg7 37. Ne6+ 1/2-1/2

[Event "Badalona op 12th"]
[Site "Badalona"]
[Date "2004.05.30"]
[Round "6"]
[White "Hernandez Casillas, Joan Josep"]
[Black "Pomes Marcet, Juan"]
[Result "0-1"]
[WhiteElo "2161"]
[BlackElo "2378"]
[PlyCount "52"]
[EventDate "2004.04.25"]
[EventType "swiss"]
[EventRounds "9"]
[EventCountry "ESP"]
[SourceTitle "CBM 100 Extra"]
[Source "ChessBase"]
[SourceDate "2004.07.06"]
[SourceVersion "2"]
[SourceVersionDate "2004.07.06"]
[SourceQuality "1"]

1. c4 e5 2. d3 Nc6 3. a3 g6 4. g3 Bg7 5. Bg2 d6 6. e4 Nd4 7. Nc3 Ne7 8. Nge2 Bg4 9. 0-0 Nf3+ 10. Kh1 h5 11. h4 c6 12. Qc2 Qd7 13. Nd1 g5 14. Ne3 d5 15. Nxg4 hxg4 16. Ng1 gxh4 17. gxh4 Rxh4+ 18. Nh3 gxh3 19. Bxf3 h2 20. Qe2 f6 21. b4 Kf7 22. a4 Qe6 23. a5 Rah8 24. b5 c5 25. Ba3 Qd6 26. Bg2 Bh6 0-1

[Event "Catalunya-chT"]
[Site "Spain"]
[Date "2004.??.??"]
[Round "?"]
[White "Castillo Ruiz, Jose Antonio"]
[Black "Hernandez Casillas, Joan Josep"]
[Result "1/2-1/2"]
[WhiteElo "2174"]
[BlackElo "2161"]
[PlyCount "55"]
[EventDate "2004.??.??"]
[EventType "team"]
[EventRounds "9"]
[EventCountry "ESP"]
[SourceTitle "EXT 2007"]
[Source "ChessBase"]
[SourceDate "2006.11.23"]
[SourceVersion "1"]
[SourceVersionDate "2006.11.23"]
[SourceQuality "1"]

1. c4 e6 2. Nc3 d5 3. e3 Nf6 4. Nf3 Be7 5. d4 0-0 6. Bd3 dxc4 7. Bxc4 c5 8. 0-0 Nc6 9. a3 a6 10. dxc5 Bxc5 11. b4 Be7 12. Bb2 b5 13. Bd3 Bb7 14. Qe2 Qb6 15. Rac1 Rfd8 16. Rfd1 Rd7 17. Ne4 Nxe4 18. Bxe4 Rxd1+ 19. Rxd1 Rd8 20. h4 a5 21. Rxd8+ Nxd8 22. bxa5 Qxa5 23. Bxb7 Nxb7 24. Qc2 Nd6 25. Qc3 Qxc3 26. Bxc3 Nc4 27. Bb4 Kf8 28. Nd4 1/2-1/2